| 000 | 00980nam a2200349 a 4500 | ||
|---|---|---|---|
| 003 | AR-BaBNM | ||
| 005 | 20251128210535.0 | ||
| 008 | 082120s2002 ||||||||||||||000 | spa|| | ||
| 020 | _a84-477-0514-5 | ||
| 040 | _cAR-BaBNM | ||
| 100 | 1 | _aAlvarez-Aparicio, José María | |
| 245 | 0 | 0 |
_aLa filosofía vital de los escolares _buna aproximación etnográfica |
| 250 | _a1ª ed. | ||
| 260 |
_aBarcelona _bEUB _c1995 |
||
| 300 |
_a370 p. _btablas |
||
| 500 | _aContiene referencias bibliográficas | ||
| 650 | 4 | _aETNOGRAFIA | |
| 650 | 4 | _aAMBIENTE EDUCACIONAL | |
| 650 | 4 | _aINTERACCION SOCIAL | |
| 650 | 4 | _aSOCIALIZACION | |
| 650 | 4 | _aVIDA COTIDIANA | |
| 650 | 4 | _aPAPEL DE LA ESCUELA | |
| 650 | 4 | _aDEMANDA DE EDUCACION | |
| 650 | 4 | _aPSICOLOGIA SOCIAL | |
| 650 | 4 | _aRESULTADOS DE INVESTIGACION | |
| 651 | 4 | _aEspaña | |
| 653 | _aINVESTIGACION EDUCATIVA | ||
| 653 | _aFRACASO ESCOLAR | ||
| 653 | _aEDUCACION GENERAL BASICA | ||
| 942 | _cBK | ||
| 998 | _cRaquel | ||
| 999 |
_c15867 _d15867 |
||